Deutsche Bundesländer nach den letzten beiden Buchstaben - Statistiken

Allgemein
  • Dieses Quiz wurde 152 mal gespielt
  • Das Durchschnittsergebnis liegt bei 13 aus 16
Antworten auf der Karte
Die Antworten werden auf der Karte rot bzw. grün angezeigt, abhängig davon wie oft sie richtig erraten wurden.
 
Antwortstatistiken
Bundesland % Korrekt
Bremen
93%
Hessen
93%
Niedersachsen
93%
Nordrhein-Westfalen
93%
Sachsen
93%
Thüringen
93%
Bayern
87%
Mecklenburg-Vorpommern
87%
Berlin
83%
Schleswig-Holstein
83%
Baden-Württemberg
78%
Brandenburg
78%
Hamburg
78%
Saarland
48%
Sachsen-Anhalt
38%
Rheinland-Pfalz
35%
Keine übereinstimmenden Quizze gefunden
Verteilung der Resultate
Anzahl Personen mit jedem Resultat
Perzentil nach korrekt beantworteten Fragen
Ihre Resultats-Entwicklung
Sie haben dieses Quiz noch nicht gespielt